| 000 | 00339nam a2200133Ia 4500 | ||
|---|---|---|---|
| 008 | 240624s9999 xx 000 0 und d | ||
| 041 | _aeng | ||
| 082 | _a658.1 COL | ||
| 100 | _aCOLLINS JIM | ||
| 245 | _aHOW THE MIGHTY FALL AND WHY SOME COMPANI | ||
| 260 |
_c2009 _aNew Delhi _bRandom House India |
||
| 300 | _a240 : p. | ||
| 365 |
_cRS _b25 |
||
| 999 |
_c23630 _d23630 |
||